| 000 -LEADER |
| fixed length control field |
01509 a2200265 4500 |
| 003 - CONTROL NUMBER IDENTIFIER |
| control field |
Nust |
| 005 - DATE AND TIME OF LATEST TRANSACTION |
| control field |
20220721103611.0 |
| 010 ## - LIBRARY OF CONGRESS CONTROL NUMBER |
| LC control number |
2001017642 |
| 020 ## - INTERNATIONAL STANDARD BOOK NUMBER |
| International Standard Book Number |
0471330361 (cloth : alk. paper) |
| 040 ## - CATALOGING SOURCE |
| Transcribing agency |
Nust |
| 082 00 - DEWEY DECIMAL CLASSIFICATION NUMBER |
| Classification number |
004.6,STA |
| 100 1# - MAIN ENTRY--PERSONAL NAME |
| Personal name |
Sterbenz, James P. G. |
| 9 (RLIN) |
94268 |
| 245 10 - TITLE STATEMENT |
| Title |
High speed networking : |
| Remainder of title |
a systematic approach to high-bandwidth low-latency communication / |
| Statement of responsibility, etc. |
James P.G. Sterbenz and Joseph D. Touch ; with contributions from Julio Escobar, Rajesh Krishnan, Chunming Qiao ; technical editor A. Lyman Chapin. |
| 260 ## - PUBLICATION, DISTRIBUTION, ETC. |
| Place of publication, distribution, etc. |
New York : |
| Name of publisher, distributor, etc. |
Wiley, |
| Date of publication, distribution, etc. |
c2001. |
| 300 ## - PHYSICAL DESCRIPTION |
| Extent |
xix, 597 p. : |
| Other physical details |
ill. ; |
| Dimensions |
25 cm. |
| 440 #0 - SERIES STATEMENT/ADDED ENTRY--TITLE |
| Title |
Wiley Networking Council series |
| 9 (RLIN) |
94269 |
| 505 ## - FORMATTED CONTENTS NOTE |
| Formatted contents note |
Introduction Caching Strategies (Page-3), Fundamentals and Design Principles Caching Strategies (Page-13), Network Architecture and Topology Caching Strategies (Page-79), Network Control and Signaling (Page-119), Network Components (Page-165), End Systems (Page-285), End to End Protocols (Page-343), Networked Applications (Page-431). |
| 650 #0 - SUBJECT ADDED ENTRY--TOPICAL TERM |
| Topical term or geographic name entry element |
Computer networks |
| General subdivision |
Design and construction. |
| 9 (RLIN) |
94270 |
| 650 #0 - SUBJECT ADDED ENTRY--TOPICAL TERM |
| Topical term or geographic name entry element |
High performance computing. |
| 9 (RLIN) |
94234 |
| 700 1# - ADDED ENTRY--PERSONAL NAME |
| Personal name |
Touch, Joseph D. |
| 9 (RLIN) |
94271 |
| 856 42 - ELECTRONIC LOCATION AND ACCESS |
| Materials specified |
Contributor biographical information |
| Uniform Resource Identifier |
<a href="http://www.loc.gov/catdir/bios/wiley045/2001017642.html">http://www.loc.gov/catdir/bios/wiley045/2001017642.html</a> |
| 856 42 - ELECTRONIC LOCATION AND ACCESS |
| Materials specified |
Publisher description |
| Uniform Resource Identifier |
<a href="http://www.loc.gov/catdir/description/wiley039/2001017642.html">http://www.loc.gov/catdir/description/wiley039/2001017642.html</a> |
| 856 42 - ELECTRONIC LOCATION AND ACCESS |
| Materials specified |
Table of Contents |
| Uniform Resource Identifier |
<a href="http://www.loc.gov/catdir/toc/onix07/2001017642.html">http://www.loc.gov/catdir/toc/onix07/2001017642.html</a> |
| 942 ## - ADDED ENTRY ELEMENTS (KOHA) |
| Koha item type |
Reference |
| Source of classification or shelving scheme |
|